=LDR 00000nam 2200000 4500 =001 INLIS000000000035079 =005 20130612140948 =008 ***********************************Ind** =035 ##$$a0010-061300000035079 =041 ##$$a Ind =082 ##$$a 576.1 =090 ##$$a 576.1, Pel d =100 ##$$a Pelczar,Michael J =245 ##$$a Dsar-dasar Mikrobiologi jil2, Michael J.Pelczar =260 ##$$a 1988 $b Jakarta =300 ##$$a 2 jil, viii,890 hlm, ilus., 23 cm =650 ##$$a Makrobiologi =850 ##$$a NBPNMAT =990 ##$$a 21196229/BPAP-NTB/2014